00467nam a2200157Ia 4500008004100000020001300041082001500054100002400069245005500093250000700148260003600155300002800191500001900219600002100238650005000259240925s9999 xx 000 0 und d a72369647 a005.73 COL aCollins ,William J. 0aData Structures and the Java Collections Framework aNA aNew York:bMc Graw HIllc,2002. axvii,587p.bNAfPirated aIncludes Index aComputer Science aComputer science, information & general works